Władcy i prezydenci Polski o imieniu Władysław - Statystyki

Ogólne statystyki
  • Ten quiz został rozwiązany 25 razy
  • Średni wynik to 5 z 10
Statystyki odpowiedzi
Data Informacje Dodatkowe Władca/Prezydent % Poprawnych
1386–1434 10. król Polski najwyższy książę litewski, wielki książę litewski Najdłużej panujący władca Polski Władysław II Jagiełło
96%
1434–1444 11. król Polski król Węgier, najwyższy książę litewski Władysław III Warneńczyk
83%
1289–1289 1306–1333 6. król Polski. Władysław I Łokietek
78%
1632–1648 Król Polski, król Szwecji, car Rosji. Władysław IV Waza
65%
1079–1102 Po śmierci Kazimierza I Odnowiciela panował na Mazowszu jako lennik Bolesława II Szczodrego Władysław I Herman
57%
1138–1146 Książę śląski 1138–1146. Władysław II Wygnaniec
48%
1202–1206 1228–1229 Po raz pierwszy. Książę wielkopolski 1202–1220. Władysław III Laskonogi
30%
30 września 1939 - 6 czerwca 1947 związany z Obozem Zjednoczenia Narodowego Władysław Raczkiewicz
13%
1954−1970 Rada Trzech Władysław Anders
9%
4 lutego 1947 - 5 lutego 1947 Stronnictwo Ludowe (tzw. lubelskie) Władysław Kowalski
4%
Nie znaleziono quizów pasujących do podanych kryteriów
Rozkład punktacji
Procent ludzi z każdym wynikiem
Percentyl według liczby udzielonych odpowiedzi
Twoja historia wyników
Nie rozwiązałeś tego quizu